000 00564nam a22002057a 4500
003 OSt
005 20210421074608.0
008 210226s1990 ||||| |||| 00| 0 eng d
040 _aeng
_beng
_cDLC
041 _aeng
080 _a92
_bS-83
100 _91141
_aStephens, H. Margaret
245 _aWalker and Allied Families
_c/ by: Panaprint, Inc
260 _aMacon. Georgia
_bPanaprint, Inc
_c1990
300 _a153 p.
650 0 _9237
_aBiography
653 _aბიოგრაფია
700 _91142
_aStephens, W. Joseph III
_eEditor
942 _2udc
_cBK
999 _c1750
_d1750